| 000 | 00000nas 2200000za 4500 |
| 001 | 9.819533 |
| 003 | CaOODSP |
| 005 | 20221107143002 |
| 007 | cr ||||||||||| |
| 008 | 160615d19871993oncar p oss f000#a0eng|d |
| 022 | |y0833-0034 |
| 040 | |aCaOODSP|beng |
| 041 | |aeng|afre |
| 043 | |an-cn--- |
| 086 | 1 |aCS61-216-PDF |
| 245 | 00|aExploration, development and capital expenditures for mining and petroleum and natural gas wells, intentions |h[electronic resource] / |cStatistics Canada, Science, Technology and Capital Stock Division = Dépenses d'exploration de développement et d'immobilisations pour les mines et les puits de pétrole et de gaz naturel, perspective / Statistique Canada, Division des sciences, de la technologie et du stock de capital. |
| 246 | 11|aDépenses d'exploration de développement et d'immobilisations pour les mines et les puits de pétrole et de gaz naturel, perspective |
| 260 | |aOttawa : |bStatistics Canada = Statistique Canada, |c1987-1993. |
| 310 | |aAnnual |
| 362 | 0 |a1987-1993. |
| 500 | |aDigitized edition from print [produced by Statistics Canada]. |
| 546 | |aText in English and French. |
| 550 | |aIssues for 1991-1993 published by Investment and Capital Stock Division. |
| 580 | |aAbsorbed in part by: Private and public investment in Canada, intentions; and, Private and public investment in Canada, revised intentions. |
| 692 | 07|2gccst|aMining industry |
| 692 | 07|2gccst|aMinerals |
| 692 | 07|2gccst|aPetroleum industry |
| 692 | 07|2gccst|aGas industry |
| 692 | 07|2gccst|aFinance |
| 710 | 1 |aCanada.|bStatistics Canada.|bScience, Technology and Capital Stock Division. |
| 710 | 2 |aStatistics Canada.|bInvestment and Capital Stock Division. |
| 780 | 00|tInvestment statistics, exploration, development, capital and repair expenditures by mining and exploration companies |w(CaOODSP)9.819531 |
| 792 | |tExploration, development and capital expenditures for mining and petroleum and natural gas wells, intentions |efre|w(CaOODSP)9.819536 |